000 01260nam a22002657a 4500
005 20170418170523.0
008 140714b xxu||||| |||| 00| 0 Urdu d
010 _aUR-187 B-548189-92 B-665986
020 _c75.00
035 _aU-187 B-548189-92 B-665986
037 _bBPPD/Publishers/Venders
037 _bK.K.Publications(Vend) /Idara Kitab-ul-Shifa(Pub.)
040 _aDPL
_bUrdu
082 _a615.53
100 _aمحمد شميم خا ن
245 _aد ا ء الصد ف
_cمحمد شميم خا ن
246 _aDaussadaf
_bbyMohd. Shamim Khan
260 _bIdara Kitab-us-Shifa
_bK.K.P.( Vender)
_c2011
260 _a4806/24,Bharat Ram Road,Dariya Gunj,New Delhi-2
270 _a2075-مسجد مز ا ر و ا لی کو چہ چیلا ن د ر يا گنج
_bنئ دھلی
_e110002
_k011-23283494،9312273887
300 _a92ص
_c22Cm (Hb)
942 _2ddc
_cUR
_mم ح م
_h615.53
999 _c87586
_d87586